00846nam a2200241 a 450000100060000000300080000600500170001400800410003103500190007204000370009104100080012808200220013610000500015824500780020825000120028626000470029830000290034565000330037470000310040794200120043899900170045095201370046772008BD-RjUL20211209082211.0170511s1960 enka 000 0 eng d a(BD-RjUL)72224 aIQUcIQUdUKMdEQOdBD-RjULbeng aeng 223a546bSTS 19601 aStock, John T.q(John Thomas),d1911-920765510aSmall-scale inorganic qualitative analysis /cby J.T. Stock and P. Heath. a4th ed. aLondon :bUniversity Tutorial Press,c1960 a108 p. :bill. ;c19 cm. 0aChemistry, Inorganic91172071 aHeath, P.q(Peter)9212986 2ddccBK c72008d72008 00102ddc40718NFICaRUCLbRUCLcReadingd1965-04-01eZeithingerg44.00l0o546 STS 1960r2017-05-11 00:00:00tC-1w2017-05-11yBK